<?xml version="1.0" encoding="UTF-8"?>
<record
    xmlns:xsi="http://www.w3.org/2001/XMLSchema-instance"
    xsi:schemaLocation="http://www.loc.gov/MARC21/slim http://www.loc.gov/standards/marcxml/schema/MARC21slim.xsd"
    xmlns="http://www.loc.gov/MARC21/slim">

  <leader>01089naa a2200193 i 4500</leader>
  <controlfield tag="001">9718</controlfield>
  <controlfield tag="003">KOSZ 005</controlfield>
  <controlfield tag="005">20180406134149.0</controlfield>
  <controlfield tag="008">180406s1999    pl     f     |100 0 eng</controlfield>
  <datafield tag="040" ind1=" " ind2=" ">
    <subfield code="c">KOSZ 005/HR</subfield>
    <subfield code="a">KOSZ 005/HR</subfield>
  </datafield>
  <datafield tag="041" ind1=" " ind2=" ">
    <subfield code="a">eng</subfield>
  </datafield>
  <datafield tag="100" ind1="1" ind2=" ">
    <subfield code="a">HRYNIEWICZ, Zdzis&#x142;aw.</subfield>
    <subfield code="d">1982-1999.</subfield>
    <subfield code="b">Wy&#x17C;sza Szko&#x142;a In&#x17C;ynierska w Koszalinie - Wydzia&#x142; In&#x17C;ynierii L&#x105;dowej i Sanitarnej,</subfield>
    <subfield code="c">Zak&#x142;ad Podstaw Projektowania</subfield>
  </datafield>
  <datafield tag="245" ind1="1" ind2="0">
    <subfield code="a">On transverse waves in beam on random foundation /</subfield>
    <subfield code="c">Zdzis&#x142;aw Hryniewicz, Piotr Kozio&#x142;.</subfield>
  </datafield>
  <datafield tag="655" ind1=" " ind2="0">
    <subfield code="a">Materia&#x142;y konferencyjne.</subfield>
  </datafield>
  <datafield tag="700" ind1=" " ind2=" ">
    <subfield code="a">KOZIO&#x141;, Piotr.</subfield>
    <subfield code="b">Politechnika Koszali&#x144;ska - Wydzia&#x142; Budownictwa i In&#x17C;ynierii &#x15A;rodowiska,</subfield>
    <subfield code="c">Katedra Matematyki</subfield>
    <subfield code="d">1997 - 1999.</subfield>
  </datafield>
  <datafield tag="711" ind1=" " ind2=" ">
    <subfield code="a">Polish Conference on Computer Methods in Mechanics</subfield>
    <subfield code="n">(14 ;</subfield>
    <subfield code="d">1999 ;</subfield>
    <subfield code="c">Rzesz&#xF3;w, Polska).</subfield>
  </datafield>
  <datafield tag="773" ind1=" " ind2=" ">
    <subfield code="t">Computer methods in mechanics : proceedings of the XIV Polish Conference on Computer Methods in Mechanics, 26-28 May 1999, Rzesz&#xF3;w, Poland. -</subfield>
    <subfield code="d">Rzesz&#xF3;w : Oficyna Wydaw. Politechniki Rzeszowskiej, 1999. -</subfield>
    <subfield code="g">s. 119-120.</subfield>
    <subfield code="z">8371990952 </subfield>
  </datafield>
  <datafield tag="942" ind1=" " ind2=" ">
    <subfield code="c">ROZ</subfield>
    <subfield code="2">UKD</subfield>
  </datafield>
  <datafield tag="999" ind1=" " ind2=" ">
    <subfield code="c">9718</subfield>
    <subfield code="d">9718</subfield>
  </datafield>
</record>
